000 00502nam a2200181Ia 4500
001 4304
005 20260306145746.0
008 260306t2010||||xx |||||||||||||| ||spa||
041 _aESP
082 _a320.51
_bV19
100 _aValdivia, Maria Inés
_eAUT
245 0 _aEl liberalismo social en el Perú:
_bmasones, bomberos, librepensadores y anarquistas durante el siglo XIX
260 _c2010
300 _a236 páginas :
_c24 cm.
650 _aGEN
654 _aCDE
942 _cLIB
_dJUS
_fJUS
_2ddc
_n
999 _c4304
_d4304